000 00808nam a2200229Ia 4500
003 OSt
005 20220923225506.0
006 a|||||r|||| 00| 0
007 ta
008 220922b |||||||| |||| 00| 0 hin d
024 _a269,240
037 _cTextual
040 _aARTS
_cARTS
_bhin
041 _2hin
_ahin
082 _aQ29K2, N4
100 _aमेहता, विमला; साहा, रणजीत, संपा.
_9168648
245 0 _aजागनी संचयन 1974 - 199
246 _aJāganī sanchayan 1974 - 1990
260 _aनयी दिल्ली
_b श्री प्राणनाथ मिशन
_c1994
942 _hQ29K2, N4
_cTEXL
_2CC
999 _c378569
_d378569